000 00849cac a2200253 a 4500
003 Co-PeBPM
005 20260126111729.0
008 231129e2009||||ck a||||||||||||| ||spa||
020 _a8483105497
040 0 _aCo-PeBPM
_bspa
_cCo-PeBPM
_erda
041 _aspa
082 0 4 _a516.0228 M271g
_222
100 1 0 _aMandelbrot, Benoit B.
_eautor
245 1 0 _aLa geometria fractal de la naturaleza
_c/ Benoit B. Mandelbrot; traducción de Josep Llosa
260 _aBarcelona, España
_b: Tusquets Editores
_c, 2009
300 _a662 páginas
_b: ilustraciones en blanco y negro
_c; 22,5 centímetros
500 _aIncluye índice.
650 1 4 _aGeometria
_2LEMB
650 1 4 _aGeometria fractal
_2LEMB
650 1 4 _aFractales
_2LEMB
700 _aLlosa, Josep
_etraducción
942 _2ddc
_cBK
999 _c17203
_d17203